Anthropology and political economy : Theoretical and Asian perspectives
Shranjeno v:
| Glavni avtor: | |
|---|---|
| Format: | Knjiga |
| Jezik: | Undetermined |
| Izdano: |
Houndmills
MacMillan
1985
|
| Teme: | |
| Oznake: |
Označite
Brez oznak, prvi označite!
|
| Thư viện lưu trữ: | Trung tâm Học liệu Trường Đại học Cần Thơ |
|---|
| LEADER | 00502nam a2200181Ia 4500 | ||
|---|---|---|---|
| 001 | CTU_79622 | ||
| 008 | 210402s9999 xx 000 0 und d | ||
| 082 | |a 306.3 | ||
| 082 | |b C586 | ||
| 100 | |a Clammer, John | ||
| 245 | 0 | |a Anthropology and political economy : | |
| 245 | 0 | |b Theoretical and Asian perspectives | |
| 245 | 0 | |c John Clammer | |
| 260 | |a Houndmills | ||
| 260 | |b MacMillan | ||
| 260 | |c 1985 | ||
| 650 | |a Economic anthropology | ||
| 980 | |a Trung tâm Học liệu Trường Đại học Cần Thơ | ||